| 000 | 00993nam a22002537a 4500 | ||
|---|---|---|---|
| 999 |
_c7066 _d7066 |
||
| 003 | AR-CdUCM | ||
| 008 | 190319b ||||| |||| 00| 0 spa d | ||
| 040 |
_aMUNICIPALIDAD PROVINCIAL DEL CUSCO _cBIBLIOTECA MUNICIPAL DEL CUSCO |
||
| 082 |
_a338.970 / _bC33 |
||
| 100 |
_aCaves, Richard _919901 |
||
| 245 |
_aLa industria norteamericana : _bestructura, conducta y funcionamiento / |
||
| 260 |
_aMexico : _bUteha, _c1966. |
||
| 300 |
_a225 páginas ; _c17 cm. |
||
| 440 |
_aManuales Uteha _n294/294a _919902 |
||
| 505 | _aEl sector comercial y su organización -- Elementos de la estructura del mercad -- La conducta del mercado -- Fomento a la competencia y control de monopolio -- Normas que restringen la competencia... | ||
| 650 |
_aEconomía. _9382 |
||
| 650 |
_aIndustria. _94386 |
||
| 650 |
_aEconomía norteamericana. _919903 |
||
| 650 |
_aMercado. _942 |
||
| 650 |
_aMonopolio. _92677 |
||
| 700 |
_aMartinez Saenz, Joaquin (traductor) _919904 |
||
| 942 |
_2ddc _cLIBROS |
||
| 945 | _awfj | ||